000
00224nam a22000977a 4500
999
_c
520820
_d
520820
082
_a
TNC T39x54 D169
100
_a
Dutt, A.K.
_9
33708
245
_a
Global urbanization
260
_a
Allahabad
_b
Dubey Founation
300
_a
167p.